000 00683nam a22002057a 4500
003 NUST
005 20240718122109.0
008 190725b ||||| |||| 00| 0 eng d
038 _aMr. Noman
082 _a200
100 _aWaqar, Asad Malik
_918472
245 _aNetwork Enabled Distributed Modeling and Simulation for Mission Critical Applications /
_cAsad Waqar Malik.
260 _aRawalpindi:
_bCEME - NUST,
_c2012.
300 _a156 p.: ill.;
_c30cm.
500 _aHardcover.
650 _aPhD-Computer Software Engineering
_9124478
700 _aSupervisor;Dr. Shoab A. Khan.
_969958
856 _uhttp://10.250.8.41:8080/xmlui/handle/123456789/26645
942 _2ddc
_cSC
999 _c527311
_d527311